A textbook of Inorganic Chemistry (Record no. 301)
[ view plain ]
| 000 -LEADER | |
|---|---|
| fixed length control field | 00545nam a22002057a 4500 |
| 003 - CONTROL NUMBER IDENTIFIER | |
| control field | OSt |
| 005 - DATE AND TIME OF LATEST TRANSACTION | |
| control field | 20170324171616.0 |
| 008 - FIXED-LENGTH DATA ELEMENTS--GENERAL INFORMATION | |
| fixed length control field | 140730b xxu||||| |||| 00| 0 eng d |
| 020 ## - INTERNATIONAL STANDARD BOOK NUMBER | |
| International Standard Book Number | 8122413846 |
| 040 ## - CATALOGING SOURCE | |
| Transcribing agency | DDC |
| 082 ## - DEWEY DECIMAL CLASSIFICATION NUMBER | |
| Classification number | 546 KUM 2003 |
| 100 ## - MAIN ENTRY--PERSONAL NAME | |
| Personal name | De A.k |
| 9 (RLIN) | 798 |
| 245 ## - TITLE STATEMENT | |
| Title | A textbook of Inorganic Chemistry |
| 250 ## - EDITION STATEMENT | |
| Edition statement | 9th ed. |
| 260 ## - PUBLICATION, DISTRIBUTION, ETC. (IMPRINT) | |
| Place of publication, distribution, etc. | New Dheli : |
| Name of publisher, distributor, etc. | New age International Publishers; |
| Date of publication, distribution, etc. | 2003 . |
| 300 ## - PHYSICAL DESCRIPTION | |
| Extent | xii, 899 p. : |
| Other physical details | ill. ; |
| Dimensions | 24 cm. |
| 504 ## - BIBLIOGRAPHY, ETC. NOTE | |
| Bibliography, etc | Includes index |
| 650 ## - SUBJECT ADDED ENTRY--TOPICAL TERM | |
| Topical term or geographic name as entry element | Inorganic chemistry |
| 9 (RLIN) | 799 |
| 942 ## - ADDED ENTRY ELEMENTS (KOHA) | |
| Source of classification or shelving scheme | Other/Generic Classification Scheme |
| Koha item type | Book Bank |
| Withdrawn status | Lost status | Source of classification or shelving scheme | Damaged status | Not for loan | Home library | Current library | Date acquired | Source of acquisition | Inventory number | Total Checkouts | Full call number | Barcode | Date last seen | Date last checked out | Koha item type |
|---|---|---|---|---|---|---|---|---|---|---|---|---|---|---|---|
| Dewey Decimal Classification | MUST Main Library | MUST Main Library | 30/07/2014 | 12/36666 | 1 | 546 KUM 2003 | 2014-1618 | 27/11/2019 | 17/09/2019 | Book Bank | |||||
| Dewey Decimal Classification | MUST Main Library | MUST Main Library | 30/07/2014 | 12/36665 | 2 | 546 KUM 2003 | 2014-1619 | 26/05/2021 | 19/03/2021 | Book Bank | |||||
| Dewey Decimal Classification | MUST Main Library | MUST Main Library | 30/07/2014 | 12/36664 | 3 | 546 KUM 2003 | 2014-1620 | 03/06/2021 | 13/05/2021 | Book Bank | |||||
| Dewey Decimal Classification | MUST Main Library | MUST Main Library | 30/07/2014 | 12/36667 | 546 KUM 2003 | 2014-1621 | 22/11/2019 | Book Bank | |||||||
| Dewey Decimal Classification | MUST Main Library | MUST Main Library | 30/07/2014 | 12/36668 | 3 | 546 KUM 2003 | 2014-1622 | 31/03/2023 | 06/02/2023 | Book Bank | |||||
| Dewey Decimal Classification | MUST Main Library | MUST Main Library | 09/05/2016 | 11/33656 | 546 KUM 2003 | 2016-1637 | 09/05/2016 | Book Bank | |||||||
| Dewey Decimal Classification | Pharmacy Department Library | Pharmacy Department Library | 24/03/2017 | 14/37443 | 546 KUM 2003 | 2017-0577 | 24/03/2017 | Short Loan |
